[Event "DEM U16 2014"]
[Site "Magdeburg GER"]
[Date "2014.06.14"]
[Round "9"]
[White "Perske, Thore"]
[Black "Kollars, Dmitrij"]
[Result "1/2-1/2"]
[Termination "normal"]
[Board "4"]
[WhiteElo "2219"]
[BlackElo "2191"]
[WhiteClock "00:37:55"]
[BlackClock "00:25:47"]
[PlyCount "42"]
[WhiteFideId "12902195"]
[BlackFideId "12909572"]
[EventCountry "GER"]
[EventRounds "9"]
[EventType "swiss"]
[EventDate "2014.06.07"]

1. e4 {[%clk 1:30:56]} c5 {[%clk 1:30:40]} 2. Nf3 {[%clk 1:31:15]} Nf6 {[%clk
1:30:42]} 3. e5 {[%clk 1:31:18]} Nd5 {[%clk 1:30:55]} 4. Nc3 {[%clk 1:31:40]}
e6 {[%clk 1:30:50]} 5. Nxd5 {[%clk 1:30:17]} exd5 {[%clk 1:31:15]} 6. d4 {[%clk
1:30:29]} Nc6 {[%clk 1:30:50]} 7. dxc5 {[%clk 1:26:30]} Bxc5 {[%clk 1:29:59]}
8. Bd3 {[%clk 1:24:55]} d6 {[%clk 1:23:26]} 9. exd6 {[%clk 1:24:42]} Qxd6
{[%clk 1:21:52]} 10. O-O {[%clk 1:20:31]} O-O {[%clk 1:19:45]} 11. h3 {[%clk
1:20:10]} Bd7 {[%clk 1:09:18]} 12. a3 {[%clk 1:18:05]} a5 {[%clk 1:06:42]} 13.
Kh1 {[%clk 1:17:58]} Rfe8 {[%clk 0:59:03]} 14. b3 {[%clk 1:06:01]} Rad8 {[%clk
0:54:40]} 15. Bb2 {[%clk 1:03:10]} Qh6 {[%clk 0:50:15]} 16. Qc1 {[%clk
0:56:01]} Qxc1 {[%clk 0:36:01]} 17. Raxc1 {[%clk 0:56:17]} f6 {[%clk 0:32:36]}
18. a4 {[%clk 0:43:23]} Ne5 {[%clk 0:27:19]} 19. Nd4 {[%clk 0:37:04]} Bxd4
{[%clk 0:25:58]} 20. Bxd4 {[%clk 0:37:27]} Nxd3 {[%clk 0:26:11]} 21. cxd3
{[%clk 0:37:55]} Rc8 {[%clk 0:25:47]} 1/2-1/2

[Event "DEM U16 2014"]
[Site "Magdeburg GER"]
[Date "2014.06.14"]
[Round "9"]
[White "Schmidt, Tobias"]
[Black "Mager, Denis"]
[Result "1-0"]
[Termination "normal"]
[Board "5"]
[WhiteElo "2005"]
[BlackElo "2138"]
[WhiteClock "00:06:10"]
[BlackClock "00:21:14"]
[PlyCount "105"]
[WhiteFideId "1271683"]
[BlackFideId "24691127"]
[EventCountry "GER"]
[EventRounds "9"]
[EventType "swiss"]
[EventDate "2014.06.07"]

1. e4 {[%clk 1:30:57]} c5 {[%clk 1:30:54]} 2. Nf3 {[%clk 1:31:23]} d6 {[%clk
1:31:15]} 3. d4 {[%clk 1:31:47]} cxd4 {[%clk 1:31:38]} 4. Nxd4 {[%clk 1:32:12]}
Nf6 {[%clk 1:31:58]} 5. f3 {[%clk 1:32:35]} e5 {[%clk 1:31:24]} 6. Bb5+ {[%clk
1:32:11]} Nbd7 {[%clk 1:29:46]} 7. Nf5 {[%clk 1:31:57]} Qc7 {[%clk 1:21:04]} 8.
Nc3 {[%clk 1:25:54]} a6 {[%clk 1:21:04]} 9. Ba4 {[%clk 1:25:45]} b5 {[%clk
1:19:16]} 10. Bb3 {[%clk 1:25:08]} Nb6 {[%clk 1:17:35]} 11. Ne3 {[%clk
1:23:20]} Be6 {[%clk 1:15:19]} 12. O-O {[%clk 1:13:35]} Rc8 {[%clk 1:12:47]}
13. Rf2 {[%clk 1:08:46]} Qc5 {[%clk 1:04:17]} 14. Ned5 {[%clk 0:48:46]} Nbxd5
{[%clk 1:01:24]} 15. Nxd5 {[%clk 0:43:12]} Bxd5 {[%clk 1:01:07]} 16. exd5
{[%clk 0:41:59]} Be7 {[%clk 0:58:08]} 17. Qd3 {[%clk 0:38:56]} Nd7 {[%clk
0:51:47]} 18. Be3 {[%clk 0:39:06]} Qc7 {[%clk 0:52:03]} 19. a4 {[%clk 0:37:43]}
Nc5 {[%clk 0:51:46]} 20. Bxc5 {[%clk 0:38:00]} Qxc5 {[%clk 0:46:04]} 21. axb5
{[%clk 0:37:42]} Bd8 {[%clk 0:45:42]} 22. bxa6 {[%clk 0:21:55]} Bb6 {[%clk
0:45:48]} 23. Ba4+ {[%clk 0:22:19]} Ke7 {[%clk 0:44:26]} 24. Raf1 {[%clk
0:21:50]} Qa5 {[%clk 0:30:26]} 25. Bb5 {[%clk 0:18:23]} Qb4 {[%clk 0:25:20]}
26. c4 {[%clk 0:13:00]} Qxb2 {[%clk 0:23:49]} 27. Qf5 {[%clk 0:13:24]} Bxf2+
{[%clk 0:20:25]} 28. Rxf2 {[%clk 0:13:48]} Qc1+ {[%clk 0:17:42]} 29. Rf1 {[%clk
0:14:06]} Qe3+ {[%clk 0:18:06]} 30. Kh1 {[%clk 0:14:29]} Rcd8 {[%clk 0:15:07]}
31. f4 {[%clk 0:12:45]} g6 {[%clk 0:14:27]} 32. Qg5+ {[%clk 0:08:31]} f6 {[%clk
0:14:50]} 33. Qg4 {[%clk 0:05:30]} f5 {[%clk 0:13:07]} 34. Qh4+ {[%clk
0:05:26]} Kf7 {[%clk 0:13:27]} 35. fxe5 {[%clk 0:05:22]} dxe5 {[%clk 0:13:10]}
36. Re1 {[%clk 0:05:10]} Qc3 {[%clk 0:13:15]} 37. Qf2 {[%clk 0:04:45]} e4
{[%clk 0:11:30]} 38. Qa7+ {[%clk 0:03:23]} Kf6 {[%clk 0:11:25]} 39. Qb6+ {[%clk
0:03:25]} Kg5 {[%clk 0:08:36]} 40. Qf2 {[%clk 0:03:33]} Ra8 {[%clk 0:01:30]}
41. d6 {[%clk 0:28:00]} Qe5 {[%clk 0:30:55]} 42. d7 {[%clk 0:27:19]} f4 {[%clk
0:28:41]} 43. g3 {[%clk 0:24:43]} Rhf8 {[%clk 0:27:36]} 44. gxf4+ {[%clk
0:23:21]} Rxf4 {[%clk 0:26:56]} 45. Qd2 {[%clk 0:12:59]} Rd8 {[%clk 0:24:23]}
46. a7 {[%clk 0:08:17]} e3 {[%clk 0:22:16]} 47. Qxe3 {[%clk 0:05:10]} Qf5
{[%clk 0:21:35]} 48. Rf1 {[%clk 0:04:18]} Qe4+ {[%clk 0:20:10]} 49. Qxe4 {[%clk
0:04:45]} Rxe4 {[%clk 0:20:37]} 50. Ra1 {[%clk 0:05:09]} Kg4 {[%clk 0:20:15]}
51. a8=Q {[%clk 0:05:25]} Rxa8 {[%clk 0:20:44]} 52. Rxa8 {[%clk 0:05:52]} Kh3
{[%clk 0:21:14]} 53. Ra3+ {[%clk 0:06:10]} 1-0

[Event "DEM U16 2014"]
[Site "Magdeburg GER"]
[Date "2014.06.14"]
[Round "9"]
[White "Niegsch, Nicolas"]
[Black "Wilhelm, Till"]
[Result "0-1"]
[Termination "normal"]
[Board "6"]
[WhiteElo "2005"]
[BlackElo "1994"]
[WhiteClock "00:13:12"]
[BlackClock "00:13:46"]
[PlyCount "98"]
[WhiteFideId "12932140"]
[BlackFideId "12942391"]
[EventCountry "GER"]
[EventRounds "9"]
[EventType "swiss"]
[EventDate "2014.06.07"]

1. e4 {[%clk 1:30:58]} e5 {[%clk 1:30:55]} 2. Nf3 {[%clk 1:31:03]} Nc6 {[%clk
1:31:14]} 3. Bb5 {[%clk 1:30:12]} a6 {[%clk 1:31:38]} 4. Ba4 {[%clk 1:30:27]}
Nf6 {[%clk 1:32:01]} 5. d4 {[%clk 1:30:19]} exd4 {[%clk 1:07:16]} 6. O-O {[%clk
1:29:00]} Be7 {[%clk 1:07:03]} 7. Re1 {[%clk 1:28:30]} b5 {[%clk 1:06:49]} 8.
Bb3 {[%clk 1:28:49]} d6 {[%clk 1:07:08]} 9. Bd5 {[%clk 1:26:20]} Bb7 {[%clk
0:53:17]} 10. Nxd4 {[%clk 1:23:15]} Nxd5 {[%clk 0:53:11]} 11. Nxc6 {[%clk
1:22:41]} Bxc6 {[%clk 0:53:35]} 12. exd5 {[%clk 1:23:02]} Bb7 {[%clk 0:53:55]}
13. Bg5 {[%clk 1:18:50]} f6 {[%clk 0:54:10]} 14. Bd2 {[%clk 1:18:24]} O-O
{[%clk 0:52:49]} 15. Qe2 {[%clk 1:16:27]} Rf7 {[%clk 0:51:36]} 16. c4 {[%clk
1:13:28]} c6 {[%clk 0:49:26]} 17. dxc6 {[%clk 1:12:08]} Bxc6 {[%clk 0:49:29]}
18. Nc3 {[%clk 1:11:13]} Qd7 {[%clk 0:45:43]} 19. Nd5 {[%clk 1:07:56]} Bd8
{[%clk 0:45:15]} 20. Rad1 {[%clk 1:03:08]} Bxd5 {[%clk 0:42:07]} 21. cxd5
{[%clk 1:02:16]} Re7 {[%clk 0:39:49]} 22. Qf3 {[%clk 1:01:40]} Rxe1+ {[%clk
0:39:35]} 23. Rxe1 {[%clk 1:02:03]} Bb6 {[%clk 0:39:25]} 24. Qe4 {[%clk
0:58:56]} Rc8 {[%clk 0:37:14]} 25. b3 {[%clk 0:56:20]} f5 {[%clk 0:33:25]} 26.
Qd3 {[%clk 0:52:37]} g6 {[%clk 0:29:38]} 27. h4 {[%clk 0:48:00]} Re8 {[%clk
0:28:24]} 28. Rf1 {[%clk 0:45:00]} Re4 {[%clk 0:19:36]} 29. h5 {[%clk 0:41:10]}
Rd4 {[%clk 0:13:19]} 30. Qe3 {[%clk 0:37:33]} f4 {[%clk 0:13:44]} 31. Qe2
{[%clk 0:31:37]} f3 {[%clk 0:13:53]} 32. gxf3 {[%clk 0:31:36]} Rxd5 {[%clk
0:13:59]} 33. h6 {[%clk 0:27:27]} Re5 {[%clk 0:13:16]} 34. Be3 {[%clk 0:23:09]}
Qh3 {[%clk 0:13:08]} 35. f4 {[%clk 0:20:22]} Rh5 {[%clk 0:12:45]} 36. Qxh5
{[%clk 0:20:44]} gxh5 {[%clk 0:13:05]} 37. Bxb6 {[%clk 0:20:53]} Qg4+ {[%clk
0:13:17]} 38. Kh2 {[%clk 0:18:35]} Qxf4+ {[%clk 0:13:40]} 39. Kh3 {[%clk
0:18:37]} Qxh6 {[%clk 0:13:14]} 40. Be3 {[%clk 0:16:27]} Qe6+ {[%clk 0:13:29]}
41. Kh2 {[%clk 0:16:23]} Qe5+ {[%clk 0:13:24]} 42. Kh3 {[%clk 0:15:56]} Qf5+
{[%clk 0:13:16]} 43. Kh2 {[%clk 0:16:16]} Qc2 {[%clk 0:13:43]} 44. Rg1+ {[%clk
0:13:54]} Kf7 {[%clk 0:14:05]} 45. Rg5 {[%clk 0:13:56]} Qxa2 {[%clk 0:13:43]}
46. Rxh5 {[%clk 0:14:17]} Qxb3 {[%clk 0:14:00]} 47. Rxh7+ {[%clk 0:14:37]} Ke6
{[%clk 0:14:05]} 48. Kg3 {[%clk 0:13:47]} a5 {[%clk 0:14:08]} 49. Kg4 {[%clk
0:13:12]} a4 {[%clk 0:13:46]} 0-1

[Event "DEM U16 2014"]
[Site "Magdeburg GER"]
[Date "2014.06.14"]
[Round "9"]
[White "Grigorian, Spartak"]
[Black "Pfreundt, Jakob"]
[Result "1/2-1/2"]
[Termination "normal"]
[Board "7"]
[WhiteElo "2186"]
[BlackElo "1982"]
[WhiteClock "00:11:58"]
[BlackClock "00:12:55"]
[PlyCount "87"]
[WhiteFideId "24661490"]
[BlackFideId "12918156"]
[EventCountry "GER"]
[EventRounds "9"]
[EventType "swiss"]
[EventDate "2014.06.07"]

1. d4 {[%clk 1:30:58]} d5 {[%clk 1:30:54]} 2. c4 {[%clk 1:30:46]} c6 {[%clk
1:31:18]} 3. Nf3 {[%clk 1:30:34]} Nf6 {[%clk 1:31:42]} 4. Nbd2 {[%clk 1:30:24]}
Bf5 {[%clk 1:30:08]} 5. Nh4 {[%clk 1:30:23]} Be6 {[%clk 1:20:03]} 6. e3 {[%clk
1:26:40]} g6 {[%clk 1:19:13]} 7. b3 {[%clk 1:24:57]} Bg7 {[%clk 1:12:46]} 8.
Bb2 {[%clk 1:25:16]} Ne4 {[%clk 1:02:34]} 9. Bd3 {[%clk 1:22:05]} Qa5 {[%clk
1:01:08]} 10. Nhf3 {[%clk 1:20:12]} Bf5 {[%clk 0:57:36]} 11. Qc2 {[%clk
1:17:37]} O-O {[%clk 0:40:10]} 12. a3 {[%clk 0:58:26]} Nxd2 {[%clk 0:39:56]}
13. Qxd2 {[%clk 0:58:14]} Qxd2+ {[%clk 0:39:53]} 14. Kxd2 {[%clk 0:58:40]} Bxd3
{[%clk 0:38:39]} 15. Kxd3 {[%clk 0:59:08]} Nd7 {[%clk 0:38:21]} 16. cxd5 {[%clk
0:50:22]} cxd5 {[%clk 0:38:39]} 17. Rhc1 {[%clk 0:50:50]} Rfc8 {[%clk 0:38:38]}
18. a4 {[%clk 0:49:57]} e6 {[%clk 0:38:19]} 19. Ba3 {[%clk 0:50:12]} Bf8 {[%clk
0:38:38]} 20. Bxf8 {[%clk 0:50:16]} Kxf8 {[%clk 0:39:01]} 21. a5 {[%clk
0:50:13]} a6 {[%clk 0:37:58]} 22. b4 {[%clk 0:49:44]} Ke7 {[%clk 0:36:02]} 23.
Nd2 {[%clk 0:48:43]} Kd6 {[%clk 0:32:55]} 24. Nb3 {[%clk 0:45:30]} f6 25. Nc5
{[%clk 0:44:37]} Rcb8 {[%clk 0:24:55]} 26. Nxd7 {[%clk 0:29:19]} Kxd7 {[%clk
0:25:18]} 27. Rc5 {[%clk 0:29:44]} Rc8 {[%clk 0:21:29]} 28. f3 {[%clk 0:26:14]}
Rc6 {[%clk 0:20:36]} 29. Rac1 {[%clk 0:26:31]} Rac8 {[%clk 0:18:22]} 30. e4
{[%clk 0:25:42]} Kd6 {[%clk 0:18:41]} 31. Ke3 {[%clk 0:25:06]} g5 {[%clk
0:16:38]} 32. Kf2 {[%clk 0:23:21]} Re8 {[%clk 0:13:23]} 33. Kg3 {[%clk
0:21:41]} f5 {[%clk 0:09:02]} 34. Re1 {[%clk 0:17:25]} dxe4 {[%clk 0:06:17]}
35. fxe4 {[%clk 0:17:45]} fxe4 {[%clk 0:02:59]} 36. Rxe4 {[%clk 0:14:42]} Rxc5
{[%clk 0:01:12]} 37. bxc5+ {[%clk 0:13:44]} Kd5 {[%clk 0:01:28]} 38. Kf3 {[%clk
0:13:23]} Rf8+ {[%clk 0:01:10]} 39. Ke3 {[%clk 0:13:47]} Rf5 {[%clk 0:01:02]}
40. Kd3 {[%clk 0:11:18]} h5 {[%clk 0:00:52]} 41. h3 {[%clk 0:24:51]} h4 {[%clk
0:17:16]} 42. Re1 {[%clk 0:25:03]} e5 {[%clk 0:13:31]} 43. dxe5 {[%clk
0:21:51]} Rxe5 {[%clk 0:12:55]} 44. Rb1 {[%clk 0:11:58]} 1/2-1/2

[Event "DEM U16 2014"]
[Site "Magdeburg GER"]
[Date "2014.06.14"]
[Round "9"]
[White "Grunau, Christoph"]
[Black "Bohlsen, Linus"]
[Result "1-0"]
[Termination "normal"]
[Board "9"]
[WhiteElo "2077"]
[BlackElo "1888"]
[PlyCount "63"]
[WhiteFideId "12929760"]
[BlackFideId "12958093"]
[EventCountry "GER"]
[EventRounds "9"]
[EventType "swiss"]
[EventDate "2014.06.07"]

1. e4 c5 2. Nf3 d6 3. d4 cxd4 4. Nxd4 Nf6 5. f3 a6 6. c4 e6 7. Nc3 Be7 8. Be3
Qc7 9. Qd2 O-O 10. O-O-O Bd7 11. Kb1 Nc6 12. Be2 Rfc8 13. Rc1 Qb8 14. g4 Nxd4
15. Bxd4 b5 16. g5 Ne8 17. h4 e5 18. Be3 Be6 19. Nd5 Bd8 20. h5 Qb7 21. f4 Rc6
22. f5 Bxd5 23. exd5 Rcc8 24. g6 Bb6 25. h6 hxg6 26. Bxb6 Qxb6 27. hxg7 Kxg7
28. fxg6 fxg6 29. Rcf1 Nf6 30. Qh6+ Kf7 31. Rxf6+ Kxf6 32. Rf1+ 1-0

[Event "DEM U16 2014"]
[Site "Magdeburg GER"]
[Date "2014.06.14"]
[Round "9"]
[White "Borchert, René"]
[Black "Beeck, Mats"]
[Result "0-1"]
[Termination "normal"]
[Board "10"]
[WhiteElo "2008"]
[BlackElo "1877"]
[PlyCount "86"]
[WhiteFideId "12990671"]
[BlackFideId "12936944"]
[EventCountry "GER"]
[EventRounds "9"]
[EventType "swiss"]
[EventDate "2014.06.07"]

1. e4 c5 2. c3 Nf6 3. e5 Nd5 4. Nf3 Nc6 5. d4 cxd4 6. cxd4 d6 7. Bc4 dxe5 8.
dxe5 Ndb4 9. Qxd8+ Nxd8 10. Na3 a6 11. O-O e6 12. Be3 Be7 13. Bb6 O-O 14. Rfd1
Ndc6 15. Bb3 Bd8 16. Nc4 Nd5 17. Bc5 Be7 18. Nd6 b6 19. Bxd5 exd5 20. Bxb6 Rb8
21. Bc7 Rxb2 22. Rxd5 Be6 23. Rdd1 Rxa2 24. Rxa2 Bxa2 25. Nf5 Bd8 26. Bd6 Re8
27. N3d4 Nxd4 28. Rxd4 a5 29. Ra4 Bd5 30. Ne3 Bb3 31. Ra1 a4 32. Rc1 f6 33. Rc8
Kf7 34. Bb4 Be7 35. Rc7 Ke6 36. Bc3 fxe5 37. Ra7 Rc8 38. Ra6+ Bd6 39. Bd2 a3
40. g3 a2 41. Kg2 Rc6 42. Rxc6 a1=Q 43. Bb4 Qa8 0-1

[Event "DEM U16 2014"]
[Site "Magdeburg GER"]
[Date "2014.06.14"]
[Round "9"]
[White "Scheftlein, Richard"]
[Black "Scheinhütte, Jakob"]
[Result "1-0"]
[Termination "normal"]
[Board "11"]
[WhiteElo "1957"]
[BlackElo "1761"]
[PlyCount "29"]
[WhiteFideId "12945609"]
[BlackFideId "24693944"]
[EventCountry "GER"]
[EventRounds "9"]
[EventType "swiss"]
[EventDate "2014.06.07"]

1. d4 Nf6 2. c4 g6 3. Nc3 Bg7 4. Nf3 O-O 5. Bg5 h6 6. Bxf6 Bxf6 7. e3 d6 8. Bd3
c5 9. h4 h5 10. Nd5 Bg7 11. Ng5 cxd4 12. Qc2 dxe3 13. fxe3 Bg4 14. O-O Nc6 15.
Bxg6 1-0

[Event "DEM U16 2014"]
[Site "Magdeburg GER"]
[Date "2014.06.14"]
[Round "9"]
[White "Herdzik, Matthias"]
[Black "Peters, Tom"]
[Result "1/2-1/2"]
[Termination "normal"]
[Board "12"]
[WhiteElo "1899"]
[BlackElo "1931"]
[PlyCount "47"]
[WhiteFideId "12983241"]
[BlackFideId "24694444"]
[EventCountry "GER"]
[EventRounds "9"]
[EventType "swiss"]
[EventDate "2014.06.07"]

1. e4 c5 2. c4 Nc6 3. Ne2 g6 4. d4 cxd4 5. Nxd4 Nxd4 6. Qxd4 Nf6 7. Nc3 d6 8.
Be3 Bg7 9. Be2 Be6 10. Rc1 O-O 11. Qd2 a5 12. O-O a4 13. Rfd1 Qa5 14. f3 Rfc8
15. b3 axb3 16. axb3 Qb4 17. Rb1 Nd7 18. Nd5 Qxd2 19. Rxd2 Bxd5 20. Rxd5 Ra2
21. Kf1 Rca8 22. Rb5 b6 23. Bxb6 Ra1 24. Rd1 1/2-1/2

[Event "DEM U16 2014"]
[Site "Magdeburg GER"]
[Date "2014.06.14"]
[Round "9"]
[White "Schmekel, Florian"]
[Black "Tesch, Davy"]
[Result "1/2-1/2"]
[Termination "normal"]
[Board "13"]
[WhiteElo "1771"]
[BlackElo "1744"]
[PlyCount "41"]
[WhiteFideId "12913456"]
[BlackFideId "24679917"]
[EventCountry "GER"]
[EventRounds "9"]
[EventType "swiss"]
[EventDate "2014.06.07"]

1. d4 f5 2. Nf3 Nf6 3. Bg5 e6 4. Nbd2 h6 5. Bxf6 Qxf6 6. e4 Be7 7. Bd3 O-O 8.
Qe2 d6 9. exf5 exf5 10. O-O-O Bd7 11. Bc4+ Kh8 12. Rhe1 Re8 13. Qd3 Nc6 14. c3
Bf8 15. Qc2 Re7 16. Rxe7 Bxe7 17. Re1 Re8 18. Bd3 g6 19. g3 Bd8 20. Rxe8+ Bxe8
21. Qd1 1/2-1/2

[Event "DEM U16 2014"]
[Site "Magdeburg GER"]
[Date "2014.06.14"]
[Round "9"]
[White "Herzum, Peter"]
[Black "Geue, Niklas"]
[Result "0-1"]
[Termination "normal"]
[Board "14"]
[WhiteElo "1951"]
[BlackElo "1892"]
[PlyCount "86"]
[WhiteFideId "12919217"]
[BlackFideId "12961043"]
[EventCountry "GER"]
[EventRounds "9"]
[EventType "swiss"]
[EventDate "2014.06.07"]

1. d4 Nf6 2. c4 g6 3. Nc3 Bg7 4. Nf3 O-O 5. g3 d6 6. Bg2 c5 7. d5 Na6 8. O-O
Nc7 9. e4 a6 10. a4 b6 11. Re1 Rb8 12. h3 Nd7 13. Bf1 Ne5 14. Nxe5 Bxe5 15. Bh6
Re8 16. Kh2 Bd7 17. Qc2 b5 18. Rad1 b4 19. Ne2 b3 20. Qd2 Bxa4 21. f4 Bh8 22.
Nc3 Bd7 23. e5 a5 24. Bd3 Qc8 25. g4 Na6 26. e6 fxe6 27. dxe6 Bxe6 28. Rxe6
Qxe6 29. Be4 Nb4 30. f5 Qe5+ 31. Bf4 Qxf4+ 32. Qxf4 Be5 33. Qxe5 dxe5 34. fxg6
hxg6 35. Bxg6 Red8 36. Rf1 Rd2+ 37. Kg3 Rxb2 38. Kh4 Rh2 39. Ne4 b2 40. Ng5 Nc2
41. Bf7+ Kh8 42. Be6 b1=Q 43. Nf7+ Kg7 0-1